No hay relación sexual: dos lecciones sobre "l'étourdit" de Lacan

En «L Étourdit» («El atolondradicho»), publicado en 1973 y considerado uno de sus textos más oscuros e importantes, Lacan plantea algunos conceptos esenciales de su obra; entre ellos, la famosa fórmula «no hay relación sexual», que cuestiona la validez de nuestra relación con lo real.Alain Badiou y...

Full description

Bibliographic Details
Main Author: Badiou, Alain 1937-
Other Authors: Cassin, Barbara 1947-
Format: Libro
Language:Spanish
Published: Buenos Aires: Amorrortu, 2011.
Series:Nómadas
Subjects:
Online Access:

MARC

LEADER 00000cam a2200000 4500
003 UAHC
005 20181009164018.0
008 181004s2011 ag |||||||||| 00| 0 spa d
952 |0 0  |1 0  |4 0  |6 150_195700000000000_BAD  |7 0  |8 COMP  |9 90716  |a BC  |b BC  |c General  |d 2018-10-04  |e Compra  |g 10140.00  |l 6  |m 4  |o 150.1957 BAD  |p 1461325  |r 2026-01-07 00:00:00  |s 2024-05-16  |t c.1  |v 10140.00  |w 2018-10-04  |x OC: 2132 / Factura: 11425  |y BK 
999 |c 51074  |d 51074 
020 |a 9789505183944 
035 |a CENTRAL 
040 |a UAHC_CL  |c UAHC_CL  |d UAHC_CL 
082 |2 21  |a 150.1957  |b B136 
100 |9 5124  |a Badiou, Alain  |d 1937- 
245 |a No hay relación sexual:   |b dos lecciones sobre "l'étourdit" de Lacan  |c Alain Badiou, Barbara Cassin. 
260 |a Buenos Aires:  |b Amorrortu,  |c 2011. 
300 |a 124 p. 
440 |9 5126  |a Nómadas 
520 |a En «L Étourdit» («El atolondradicho»), publicado en 1973 y considerado uno de sus textos más oscuros e importantes, Lacan plantea algunos conceptos esenciales de su obra; entre ellos, la famosa fórmula «no hay relación sexual», que cuestiona la validez de nuestra relación con lo real.Alain Badiou y Barbara Cassin se apoderan de ese breve texto para pensar «con» él y proponen dos lecturas que toman por desafío el saber. Cassin lo examina sobre la base de su relación íntima con las cosas de la lengua, mientras que Badiou analiza lo que la filosofía se considera capaz de decir en cuanto a la verdad. Estos estudios de «El atolondradicho», que se hacen eco entre sí, echan nueva luz sobre el pensamiento de Lacan y proponen una partición que debe cuestionarse entre la masculinidad de Platón y la feminidad de la sofística. 
526 |a Colección de Género y Sexualidades 
600 0 |9 5175  |a Lacan, Jacques  |x Crítica e interpretación 
650 0 |9 114  |a Psicoanálisis 
650 0 |9 2755  |a Sexo (Psicología) 
700 |9 5125  |a Cassin, Barbara  |d 1947- 
942 |2 ddc  |c BK